000 00535nam a2200217Ia 4500
003 OSt
005 20220924133943.0
006 a|||||r|||| 00| 0
007 ta
008 220923b |||||||| |||| 00| 0 snd d
024 _a271195
037 _cTextual
040 _aARTS
_cARTS
_bsnd
041 _2snd
_asnd
082 _a/\:3, 1593K2
100 _aBrabhudas Bhramchari
_9207709
245 0 _aRoshan rah
260 _c1962
942 _h/\:3, 1593K2
_cTEXL
_2CC
999 _c435817
_d435817